| 000 | 01121cab a2200301 4500 | ||
|---|---|---|---|
| 001 | ABS58145 | ||
| 008 | 090401t1997 xxu||||| |||| 00| 0 eng d | ||
| 035 | _a(Sirsi) u83444 | ||
| 041 | _aeng | ||
| 100 | _aBall, M. | ||
| 245 | _aUK commercial property investment: time-series characteristics and modelling strategies | ||
| 260 | _c1997 | ||
| 350 | _a0 | ||
| 490 |
_aJournal of Property Research _v14(4) December 1997, 279-296(17) |
||
| 520 | _aExamines the growth of modelling of UK commercial property development in recent years and the time series characteristics of the data on commercial output and considers the fruitfulness of modelling strategies with respect to it. Tables. References. | ||
| 650 | _aPROPERTY-COMMERCIAL PROPERTY | ||
| 650 | _aECONOMIC GROWTH | ||
| 650 | _aINVESTMENT PROPERTY | ||
| 650 | _aMODELS | ||
| 650 | _aPROPERTY CYCLES | ||
| 650 | _aPROPERTY INVESTMENT | ||
| 650 | _aRETURNS | ||
| 650 | _aTIME SERIES ANALYSIS | ||
| 690 | _aPROPERTY-COMMERCIAL PROPERTY-COMMERCIAL PROPERTY FINANCE AND INVESTMENT | ||
| 700 | _aGrilli, M. | ||
| 942 | _n0 | ||
| 948 | _c30/01/1998 | ||
| 999 |
_c52699 _d52699 |
||